000 00605nam a2200181Ia 4500
003 GCL
008 140319s9999 xx 000 0 ara d
040 _aGCL /
_cGCL
082 0 4 _a861.094
_bخ ا
100 1 _aلطفى عبدالبديع
245 1 0 _aانا وحمارى : مرثية اندلسية /
_cلطفى عبدالبديع
700 1 _aخمينث، خوان رامون
300 _a173 ص
490 _aالهيئة العامة للاستعلامات
_v0
650 0 4 _aالشعر الاسبانى المترجم
650 0 4 _aالادب الاسبانى المترجم
942 _2ddc
_cBK
999 _c47440
_d47440